000 00965nam a2200241 a 4500
001 75994
003 BD-RjUL
005 20211209082756.0
008 190930s2018 bg a|||| bm|| 00| 0 eng d
035 _a(BD-RjUL)76213
040 _aBD-RjUL
_beng
_cBD-RjUL
_dBD-RjUL
041 _aeng
082 _223
_bAFS 2018
_a398.083
100 1 _aAfrose, Atiza Dil
_9233323
245 1 0 _aStructural variation and deviation in Children's Game:
_ba gender based analysis on peer groups of Rajshahi /
_cAtiza Dil Afrose ;
_6Supervisor: Md. Abul Hasan Chowdhury
260 _aRajshahi :
_bDepartment of Folklore, University of Rajshahi,
_c2018
300 _aix, 201 leaves :
_bIll. ;
_c29 cm.
502 _aThesis (Ph. D.) -- Department of Folklore, University of Rajshahi, 2018
504 _aReferences: Leaves 158-176
650 _aFolklore and children
_xResearch
_zBangladesh
_zRajshahi
_9233324
700 _aChowdhury, Md. Abul Hasan, Supervisor
_9233325
942 _2ddc
_cTHE
999 _c75994
_d75994